| 000 -LEADER |
| fixed length control field |
00661cam a22002411i 4500 |
| 001 - CONTROL NUMBER |
| control field |
9397946 |
| 005 - DATE AND TIME OF LATEST TRANSACTION |
| control field |
20180312061910.0 |
| 008 - FIXED-LENGTH DATA ELEMENTS--GENERAL INFORMATION |
| fixed length control field |
780201s1965 nyua b 001 0 eng |
| 010 ## - LIBRARY OF CONGRESS CONTROL NUMBER |
| LC control number |
65019470 |
| 015 ## - NATIONAL BIBLIOGRAPHY NUMBER |
| National bibliography number |
GB66-3695 |
| 035 ## - SYSTEM CONTROL NUMBER |
| System control number |
(OCoLC)3594116 |
| 040 ## - CATALOGING SOURCE |
| Original cataloging agency |
DLC |
| Transcribing agency |
FJUNF |
| Modifying agency |
ODaWU |
| -- |
Uk |
| -- |
DLC |
| 041 ## - LANGUAGE CODE |
| Language code of text/sound track or separate title |
eng |
| 042 ## - AUTHENTICATION CODE |
| Authentication code |
premarc |
| 080 ## - UNIVERSAL DECIMAL CLASSIFICATION NUMBER |
| Universal Decimal Classification number |
62 WYL |
| 082 ## - DEWEY DECIMAL CLASSIFICATION NUMBER |
| Classification number |
62 WYL |
| 100 1# - Rafti |
| Rafti |
27 |
| 101 ## - Shkurtesa |
| Shkurtesa |
MEK |
| 245 10 - TITLE STATEMENT |
| Title |
Fundamentals of classical thermodynamics / |
| Statement of responsibility, etc |
Gordon J. Van Wylen & Richard E. Sonntag. |
| 504 ## - BIBLIOGRAPHY, ETC. NOTE |
| Bibliography, etc |
Includes bibliographical references and index. |
| 906 ## - LOCAL DATA ELEMENT F, LDF (RLIN) |
| a |
7 |
| b |
cbc |
| c |
oclcrpl |
| d |
u |
| e |
ncip |
| f |
19 |
| g |
y-gencatlg |
| 942 ## - ADDED ENTRY ELEMENTS (KOHA) |
| Source of classification or shelving scheme |
|
| Item type |
Books |